Hugo a dračí mlsárna /

Třetí díl trilogie o dráčkovi Hugovi. Příběhy pomáhají budovat sebedůvěru, nezávislost a oceňovat vlastní jedinečnost.

Hlavní autor: Bakonyi Selingerová, Ludmila, 1987-
Další autoři: Ceccarelli, Alessandro, 1976-
Jazyk: Čeština
Vydáno: Plzeň : F&R, 2023
Vydání: První vydání
Témata:
Fyzický popis: 110 stran : barevné ilustrace ; 22 cm
Knihy
Uloženo v:
LEADER 02084nam a2200469 i 4500
001 nkc20233578377
003 CZ PrNK
005 20240205134720.0
007 ta
008 231214s2023 xr a b 000 j cze
015 |a cnb003578377 
020 |a 978-80-908812-3-5  |q (vázáno) 
035 |a (OCoLC)1425860913 
040 |a ABG001  |b cze  |e rda 
072 7 |a 821.162.3-3  |x Česká próza  |2 Konspekt  |9 25 
072 7 |a 821-93  |x Literatura pro děti a mládež (beletrie)  |2 Konspekt  |9 26 
080 |a 821.162.3-32  |2 MRF 
080 |a 821-93  |2 MRF 
080 |a (0:82-32)  |2 MRF 
100 1 |a Bakonyi Selingerová, Ludmila,  |d 1987-  |7 ola2014845244  |4 aut 
245 1 0 |a Hugo a dračí mlsárna /  |c Ludmila Bakonyi Selingerová ; ilustrace Alessandro Ceccarelli 
250 |a První vydání 
264 1 |a Plzeň :  |b F&R,  |c 2023 
300 |a 110 stran :  |b barevné ilustrace ;  |c 22 cm 
336 |a text  |b txt  |2 rdacontent 
337 |a bez média  |b n  |2 rdamedia 
338 |a svazek  |b nc  |2 rdacarrier 
520 2 |a Třetí díl trilogie o dráčkovi Hugovi. Příběhy pomáhají budovat sebedůvěru, nezávislost a oceňovat vlastní jedinečnost.  |b Konečně se ve velké soutěži ukáže, jestli je Hugo lepší než táta. Hraje se opravdu o hodně, vítěz bere vše a bude mít tu čest zahájit každoroční čarodějnický festival, Kouzílium s pěkně náročnými návštěvníky. Zvládne to Hugo i bez podpory rodiny? Překoná obavy z vystupování před lidmi? Nakladatelská anotace. Kráceno. 
521 8 |a Pro děti od 5 let 
655 7 |a české příběhy  |7 fd133973  |2 czenas 
655 7 |a publikace pro děti  |7 fd133156  |2 czenas 
655 9 |a Czech stories  |2 eczenas 
655 9 |a children's literature  |2 eczenas 
700 1 |a Ceccarelli, Alessandro,  |d 1976-  |7 jo20231185861  |4 ill 
787 0 8 |i Z cyklu:  |t Hugo  |g 3 
910 2 |a BOA001  |b 2-1517.517 
920 |a 4908845  |z ABG001 
928 9 |a Fish&Rabbit 
990 |a BK 
995 |a 01 
991 |b 202401  |c NOV 
996 6 |b 2610956271  |c 2-1517.517  |l MZK  |r Sklad / do 1 hodiny  |n 0  |p p.v.  |w 001948148  |u 000010  |a 1  |e BOA001  |j MZK50  |s P